000 00599nam a22002177a 4500
003 UA-OsUOA
001 80395
007 ta
008 20111207b un ||||| |||| 00| 0 ukr d
090 _a821.161.1
_bУ34
942 _cBK
040 _aUA-OsUOA
_brus
_cUA-OsUOA
_dUA-OsUOA
245 _aУзлы ветров
_bМорские мифы, сказки и легенды
300 _a344 с.
955 _a3
041 _arus
080 _a821.161.1
260 _aОдесса
_bМаяк
_c1982
650 7 _a82 Література. Літературознавство
_2UDC
999 _c366712
_d366712